[Event "MCR senioru 2018 nad 60 let"]
[Site "Pelclovo divadlo Rychnov nad K"]
[Date "2018.07.30"]
[Round "3"]
[White "Pospisil, Evzen"]
[Black "Mares, Petr"]
[Result "1/2-1/2"]
[WhiteElo "2043"]
[BlackElo "1904"]
[PlyCount "97"]
[EventDate "2018.07.28"]

1. d4 g6 2. Nf3 Bg7 3. c4 d6 4. g3 Nf6 5. Bg2 O-O 6. O-O Nbd7 7. Nc3 e5 8. e4
exd4 9. Nxd4 Re8 10. h3 Nc5 11. Re1 a5 12. f3 h6 13. Be3 Ne6 14. Rc1 Nxd4 15.
Bxd4 Bd7 16. Kh2 Bc6 17. Re2 Nh5 18. Bxg7 Kxg7 19. Qd4+ Qf6 20. Rd2 Qxd4 21.
Rxd4 Nf6 22. Nd5 Rac8 23. h4 Bxd5 24. cxd5 Re7 25. Rdc4 Ne8 26. Bh3 Ra8 27.
R1c2 Ra6 28. Ra4 b5 29. Bf1 bxa4 30. Bxa6 f5 31. Bd3 Nf6 32. Rc4 fxe4 33. Bxe4
Nxe4 34. fxe4 Kf6 35. Rxa4 Ke5 36. Kg2 Rf7 37. Rc4 g5 38. hxg5 hxg5 39. Kh3 Rf2
40. Kg4 Rxb2 41. Ra4 Rg2 42. Kf3 Rc2 43. Rxa5 Rc3+ 44. Kg4 Kxe4 45. Kxg5 Rxg3+
46. Kf6 Rc3 47. Ke6 Rc4 48. a3 Kd4 49. Ra7 1/2-1/2

[Event "MCR senioru 2018 nad 60 let"]
[Site "Pelclovo divadlo Rychnov nad K"]
[Date "2018.07.30"]
[Round "3"]
[White "Drabek, Miloslav"]
[Black "Kotyza, Bohumil"]
[Result "1-0"]
[WhiteElo "2027"]
[BlackElo "1871"]
[PlyCount "77"]
[EventDate "2018.07.28"]

1. d4 d5 2. Nf3 Nf6 3. c4 e6 4. g3 Nbd7 5. Nbd2 c5 6. cxd5 Nxd5 7. Bg2 Qb6 8.
O-O Be7 9. Nc4 Qa6 10. Ne3 N7f6 11. Nxd5 Nxd5 12. dxc5 Bxc5 13. e4 Nb6 14. Qc2
Be7 15. Ne5 O-O 16. Rd1 f6 17. Bf1 Qa5 18. Nc4 Nxc4 19. Qxc4 Qc5 20. Be3 Qxc4
21. Bxc4 Rd8 22. Rxd8+ Bxd8 23. Rd1 Bc7 24. Bb3 Kf8 25. Bc5+ Ke8 26. Ba4+ Kf7
27. a3 e5 28. Bb3+ Kg6 29. f3 b5 30. Kg2 a5 31. Bd5 Ra6 32. Rc1 Bb8 33. g4 Bd7
34. Bb7 Re6 35. Rd1 Bc6 36. Bc8 Re8 37. Bf5+ Kh6 38. Be3+ g5 39. h4 1-0

[Event "MCR senioru 2018 nad 60 let"]
[Site "Pelclovo divadlo Rychnov nad K"]
[Date "2018.07.30"]
[Round "3"]
[White "Hastik, Svatopluk"]
[Black "Divis, Libor"]
[Result "1/2-1/2"]
[WhiteElo "2000"]
[BlackElo "1843"]
[PlyCount "84"]
[EventDate "2018.07.28"]

1. d4 d6 2. c4 Nd7 3. Nf3 c6 4. e4 e5 5. d5 c5 6. Nc3 Ngf6 7. Be2 Be7 8. O-O
Nf8 9. h3 h6 10. Be3 g5 11. Nh2 Ng6 12. Re1 O-O 13. Ng4 Kg7 14. g3 Bd7 15. Nxf6
Bxf6 16. Kg2 Be7 17. Bg4 Qc8 18. Bxd7 Qxd7 19. Qg4 Rad8 20. Qf5 Bf6 21. a4 a5
22. Ra3 Qxf5 23. exf5 Ne7 24. g4 Nc8 25. Ne4 Be7 26. Bd2 b6 27. f6+ Bxf6 28.
Rf3 Be7 29. Ng3 f6 30. Ree3 Rf7 31. Rb3 Rd7 32. h4 Bd8 33. Nf5+ Kg6 34. hxg5
hxg5 35. Rh3 Rh7 36. Rbg3 Rxh3 37. Rxh3 Rh7 38. Rxh7 Kxh7 39. Kf3 Kg6 40. Ke4
Bc7 41. f3 Bd8 42. Be1 Bc7 1/2-1/2

[Event "MCR senioru 2018 nad 60 let"]
[Site "Pelclovo divadlo Rychnov nad K"]
[Date "2018.07.30"]
[Round "3"]
[White "Pittermann, Jan"]
[Black "Salac, Jiri"]
[Result "1/2-1/2"]
[WhiteElo "1801"]
[BlackElo "1977"]
[PlyCount "37"]
[EventDate "2018.07.28"]

1. e4 c5 2. Nc3 a6 3. g3 Nc6 4. Bg2 g6 5. Nf3 Bg7 6. O-O e6 7. d3 Nge7 8. a4 d5
9. exd5 exd5 10. Ne2 O-O 11. c3 Re8 12. Re1 h6 13. d4 c4 14. Bd2 Bf5 15. Nc1
Be4 16. b4 b5 17. Nh4 Bxg2 18. Nxg2 Qd7 19. Ne2 1/2-1/2

[Event "MCR senioru 2018 nad 60 let"]
[Site "Pelclovo divadlo Rychnov nad K"]
[Date "2018.07.30"]
[Round "3"]
[White "Zboril, Jaroslav"]
[Black "Sedlacek, Jan"]
[Result "1/2-1/2"]
[WhiteElo "1924"]
[BlackElo "1860"]
[PlyCount "38"]
[EventDate "2018.07.28"]

1. d4 Nf6 2. Bf4 e6 3. e3 c5 4. c3 d5 5. Bd3 Nc6 6. Nd2 Bd6 7. Bg3 e5 8. dxc5
Bxc5 9. Bb5 Qe7 10. Ngf3 Bd6 11. O-O O-O 12. Qa4 Bd7 13. Qh4 a6 14. Ba4 e4 15.
Ne1 Bxg3 16. hxg3 Ne5 17. Bxd7 Qxd7 18. Nc2 Qb5 19. Nb3 Nc4 1/2-1/2

[Event "MCR senioru 2018 nad 60 let"]
[Site "Pelclovo divadlo Rychnov nad K"]
[Date "2018.07.30"]
[Round "3"]
[White "Mlynek, Petr"]
[Black "Lexa, Vaclav"]
[Result "1-0"]
[WhiteElo "2120"]
[BlackElo "1815"]
[PlyCount "135"]
[EventDate "2018.07.28"]

1. d4 Nf6 2. c4 e6 3. g3 d5 4. Nf3 b6 5. cxd5 exd5 6. Bg2 Bb7 7. O-O Be7 8. Nc3
O-O 9. Bf4 a6 10. Rc1 Nbd7 11. Qc2 h6 12. Rfd1 Rc8 13. Ne5 c5 14. dxc5 Rxc5 15.
b4 Rc8 16. Qb3 g5 17. Nxd7 Qxd7 18. Be3 Qe6 19. Nxd5 Rxc1 20. Nxe7+ Qxe7 21.
Rxc1 Bxg2 22. Kxg2 Re8 23. Bxb6 Qxe2 24. Rc7 Qe4+ 25. Qf3 Nd5 26. Rc6 Nxb4 27.
Rxh6 Nxa2 28. Be3 Qxf3+ 29. Kxf3 Re5 30. Rxa6 Nb4 31. Rh6 Kg7 32. Rd6 f6 33.
Bd4 Rf5+ 34. Ke4 Kg6 35. h4 gxh4 36. g4 Rb5 37. Rxf6+ Kg5 38. f3 Nc2 39. Be5
Ne1 40. Rf5+ Kg6 41. Rh5 Rb4+ 42. Ke3 Rb3+ 43. Ke2 Nxf3 44. Bh8 Nh2 45. Rxh4
Nxg4 46. Rxg4+ Kf5 47. Rc4 Rh3 48. Bd4 Rg3 49. Be3 Rg4 50. Rc8 Ra4 51. Kf3 Ra5
52. Rh8 Ra4 53. Rh5+ Kg6 54. Rd5 Kf6 55. Bd4+ Ke6 56. Ke4 Ra2 57. Rb5 Re2+ 58.
Be3 Re1 59. Rb6+ Kd7 60. Kd4 Kc7 61. Rh6 Rd1+ 62. Kc5 Rd7 63. Bf4+ Kb7 64. Rb6+
Ka7 65. Kc6 Rd3 66. Bb8+ Ka8 67. Bd6 Ka7 68. Bc5 1-0

[Event "MCR senioru 2018 nad 60 let"]
[Site "Pelclovo divadlo Rychnov nad K"]
[Date "2018.07.30"]
[Round "3"]
[White "Lepik, Jaroslav"]
[Black "Vavruska, Antonin"]
[Result "0-1"]
[WhiteElo "1792"]
[BlackElo "2044"]
[PlyCount "88"]
[EventDate "2018.07.28"]

1. c4 c5 2. Nc3 Nc6 3. g3 g6 4. Bg2 Bg7 5. e4 d6 6. d3 Nf6 7. h3 e5 8. Nge2 Be6
9. O-O Qd7 10. Kh2 a6 11. Be3 h5 12. Nd5 Bxd5 13. exd5 Ne7 14. Nc3 Nf5 15. Qa4
Qxa4 16. Nxa4 Nxe3 17. fxe3 Nd7 18. e4 Ke7 19. Nc3 Bh6 20. Ne2 Be3 21. Rf3 Bd2
22. Rd1 Bh6 23. Rdf1 f6 24. b3 b5 25. h4 g5 26. Rf5 b4 27. Bf3 g4 28. Bg2 Be3
29. Nc1 a5 30. Re1 Bd4 31. Ne2 a4 32. Rb1 axb3 33. axb3 Kf7 34. Nxd4 cxd4 35.
Rf2 Ra3 36. Rfb2 Rha8 37. Bf1 Nc5 38. Be2 Ra2 39. Kg1 Rxb2 40. Rxb2 Ra3 41. Kf1
Rxb3 42. Rxb3 Nxb3 43. Bd1 Nc5 44. Bc2 b3 0-1

[Event "MCR senioru 2018 nad 60 let"]
[Site "Pelclovo divadlo Rychnov nad K"]
[Date "2018.07.30"]
[Round "3"]
[White "Kolek, Josef"]
[Black "Novotny, Josef"]
[Result "0-1"]
[WhiteElo "1817"]
[BlackElo "2036"]
[PlyCount "74"]
[EventDate "2018.07.28"]

1. c4 d6 2. Nc3 e6 3. g3 Nf6 4. Bg2 Nc6 5. d4 Bd7 6. Nf3 Be7 7. O-O h6 8. a3 a5
9. b3 O-O 10. e4 Nh7 11. Re1 e5 12. Nd5 Bg4 13. Nxe7+ Qxe7 14. d5 Nd4 15. Be3
Ng5 16. Bxd4 exd4 17. Qd3 Bxf3 18. Bxf3 c5 19. dxc6 bxc6 20. Bg2 c5 21. h4 Ne6
22. e5 Ra6 23. f4 Rb8 24. Bd5 Nf8 25. Rab1 Rab6 26. Qf3 a4 27. b4 cxb4 28. Rxb4
Rxb4 29. axb4 Rxb4 30. Qe4 dxe5 31. fxe5 Rb3 32. Qg4 h5 33. Qxd4 Rxg3+ 34. Kf2
Rg4 35. Re4 Qxh4+ 36. Ke2 Ne6 37. Qe3 Qh2+ 0-1

[Event "MCR senioru 2018 nad 60 let"]
[Site "Pelclovo divadlo Rychnov nad K"]
[Date "2018.07.31"]
[Round "4"]
[White "Kubala, Karel"]
[Black "Shilov, Sergej"]
[Result "0-1"]
[WhiteElo "1932"]
[BlackElo "2199"]
[PlyCount "78"]
[EventDate "2018.07.28"]

1. d4 Nf6 2. Nf3 g6 3. Nc3 Bg7 4. e4 d6 5. Be2 c5 6. dxc5 Qa5 7. O-O Qxc5 8. a3
a6 9. h3 O-O 10. Be3 Qc7 11. Nd4 e5 12. Nb3 Nbd7 13. Rc1 Nb6 14. Bxb6 Qxb6 15.
Bc4 Qc7 16. Qe2 b5 17. Bd5 Rb8 18. Rcd1 b4 19. axb4 Rxb4 20. Ra1 Nh5 21. Rfd1
Nf4 22. Qe1 Kh8 23. Rd2 Qd8 24. Ne2 Nxd5 25. exd5 Rb8 26. Ng3 f5 27. Ra2 Qg5
28. Qe2 h5 29. Rd3 e4 30. Qd2 Qe7 31. Rc3 f4 32. Nf1 Rb5 33. Rxc8 Rxc8 34. Qxf4
Rxc2 35. Ne3 Re2 36. Kf1 g5 37. Qf5 Rxe3 38. fxe3 Rxb3 39. Rxa6 Qf8 0-1

[Event "MCR senioru 2018 nad 60 let"]
[Site "Pelclovo divadlo Rychnov nad K"]
[Date "2018.07.31"]
[Round "4"]
[White "Gibiec, Ernest"]
[Black "Novotny, Jaroslav"]
[Result "1/2-1/2"]
[WhiteElo "2175"]
[BlackElo "1936"]
[PlyCount "46"]
[EventDate "2018.07.28"]

1. d4 d5 2. c4 e6 3. Nc3 Nf6 4. cxd5 exd5 5. Bg5 Be7 6. Qc2 Nbd7 7. e3 c6 8.
Bd3 O-O 9. Nf3 Re8 10. O-O Nf8 11. h3 Ne4 12. Bxe7 Qxe7 13. Bxe4 dxe4 14. Nd2
f5 15. Rfe1 Be6 16. Rab1 Rac8 17. b4 b6 18. a4 Qf7 19. Rec1 Nd7 20. Ne2 g5 21.
Nc4 Qe7 22. Ng3 Rf8 23. a5 Bd5 1/2-1/2

[Event "MCR senioru 2018 nad 60 let"]
[Site "Pelclovo divadlo Rychnov nad K"]
[Date "2018.07.31"]
[Round "4"]
[White "Pavlis, Jaromir"]
[Black "Vagner, Ladislav"]
[Result "1/2-1/2"]
[WhiteElo "1927"]
[BlackElo "1928"]
[PlyCount "35"]
[EventDate "2018.07.28"]

1. d4 d5 2. Bf4 Nf6 3. Nf3 e6 4. e3 c5 5. Bb5+ Bd7 6. Bxd7+ Nbxd7 7. O-O Be7 8.
Ne5 O-O 9. Nd2 Rc8 10. c3 b5 11. Nxd7 Nxd7 12. dxc5 Nxc5 13. Nb3 Na4 14. Qe2 a6
15. Be5 Nb6 16. Rfd1 Nd7 17. Bg3 Nf6 18. Bh4 1/2-1/2

[Event "MCR senioru 2018 nad 60 let"]
[Site "Pelclovo divadlo Rychnov nad K"]
[Date "2018.07.31"]
[Round "4"]
[White "Vlacil, Vladimir"]
[Black "Drabek, Miloslav"]
[Result "1/2-1/2"]
[WhiteElo "2007"]
[BlackElo "2027"]
[PlyCount "111"]
[EventDate "2018.07.28"]

1. e4 d6 2. c4 Nf6 3. Nc3 e5 4. d4 Nbd7 5. Nf3 Be7 6. Be2 O-O 7. O-O c6 8. Qc2
Qc7 9. h3 a6 10. Bg5 Re8 11. Rac1 b6 12. Rfd1 h6 13. Be3 Bb7 14. d5 cxd5 15.
cxd5 Rac8 16. Qd3 Nc5 17. Qb1 Qb8 18. Nd2 b5 19. b4 Ncd7 20. Nb3 Bd8 21. a4
bxa4 22. Nxa4 Be7 23. Na5 Qa8 24. Rc4 Rxc4 25. Nxc4 Qb8 26. Qd3 Rc8 27. Na5 Rc7
28. Rb1 Kh7 29. b5 axb5 30. Qxb5 Qa8 31. Nxb7 Rxb7 32. Qxb7 Qxa4 33. Qb4 Qa2
34. Qb2 Qa4 35. Qb3 Qa5 36. Bb5 Nc5 37. Qc2 Qa3 38. Bc1 Qa5 39. Bd2 Qa3 40. Bb4
Qa7 41. Kh1 g6 42. Bxc5 dxc5 43. Bc6 Kg7 44. Kh2 Qa3 45. Rb3 Qa1 46. Rb1 Qd4
47. f3 Nh5 48. Rd1 Qe3 49. Qd2 Qa3 50. d6 Bg5 51. Qd3 Bf4+ 52. Kg1 Qa7 53. Qc4
Qa3 54. Qd3 Qa7 55. Qc4 Qa3 56. Qd3 1/2-1/2

[Event "MCR senioru 2018 nad 60 let"]
[Site "Pelclovo divadlo Rychnov nad K"]
[Date "2018.07.31"]
[Round "4"]
[White "Sveda, Jiri"]
[Black "Mlynek, Petr"]
[Result "1/2-1/2"]
[WhiteElo "1857"]
[BlackElo "2120"]
[PlyCount "57"]
[EventDate "2018.07.28"]

1. e4 c6 2. c4 d5 3. exd5 cxd5 4. cxd5 Nf6 5. Qa4+ Nbd7 6. Nc3 g6 7. g3 Bg7 8.
Bg2 O-O 9. Nge2 b6 10. d4 Bb7 11. O-O Nb8 12. Qb3 Qd7 13. h4 Rd8 14. Nf4 Na6
15. Bh3 Qe8 16. Re1 Nc7 17. Bg2 Rd6 18. Bd2 Rad8 19. Qa3 a5 20. Rac1 Ncxd5 21.
Nfxd5 Nxd5 22. Nxd5 Bxd5 23. Bxd5 Rxd5 24. Rxe7 Qb5 25. Be3 Bxd4 26. Bxd4 Rxd4
27. Rce1 Rd1 28. Qc3 Rxe1+ 29. Rxe1 1/2-1/2

[Event "MCR senioru 2018 nad 60 let"]
[Site "Pelclovo divadlo Rychnov nad K"]
[Date "2018.07.31"]
[Round "4"]
[White "Vavruska, Antonin"]
[Black "Zapletal, Milan"]
[Result "1-0"]
[WhiteElo "2044"]
[BlackElo "1859"]
[PlyCount "69"]
[EventDate "2018.07.28"]

1. e4 e6 2. d4 d5 3. Nc3 Nf6 4. Bg5 Bb4 5. e5 h6 6. Bd2 Bxc3 7. bxc3 Nfd7 8.
Qg4 Kf8 9. Nf3 c5 10. h4 Nc6 11. Bd3 c4 12. Be2 f5 13. Qf4 Ke8 14. h5 Ne7 15.
Nh4 Nf8 16. O-O-O Kd7 17. Qf3 Qe8 18. g4 Kc6 19. gxf5 exf5 20. Bxc4 Be6 21. Bd3
Qf7 22. Kb1 Kc7 23. Ng2 Nh7 24. Qg3 Rhg8 25. Nf4 Nf8 26. Rdg1 Rc8 27. Qf3 Kb8
28. Rg3 Nh7 29. Ng6 Nf8 30. Nxe7 Qxe7 31. Bxf5 Rc6 32. Ka1 Bxf5 33. Qxf5 Qa3
34. Rb1 Ne6 35. Qf7 1-0

[Event "MCR senioru 2018 nad 60 let"]
[Site "Pelclovo divadlo Rychnov nad K"]
[Date "2018.07.31"]
[Round "4"]
[White "Krolop, Petr"]
[Black "Pospisil, Evzen"]
[Result "0-1"]
[WhiteElo "1854"]
[BlackElo "2043"]
[PlyCount "98"]
[EventDate "2018.07.28"]

1. e4 c5 2. Nf3 d6 3. d4 cxd4 4. Nxd4 Nf6 5. Nc3 g6 6. Be3 Bg7 7. f3 O-O 8. Qd2
Nc6 9. O-O-O Nxd4 10. Bxd4 Be6 11. h4 Qa5 12. Kb1 Rfc8 13. Nd5 Qxd2 14. Nxf6+
Bxf6 15. Rxd2 Bxd4 16. Rxd4 Rc5 17. g4 Rac8 18. Rh2 Kg7 19. Bd3 h6 20. Ra4 a6
21. c3 Kf6 22. Kc2 Ke5 23. h5 gxh5 24. Rxh5+ Kf4 25. Rh3 Re5 26. Kd2 h5 27.
Rxh5 Kxf3 28. Rxe5 dxe5 29. Be2+ Kf4 30. Rb4 Rc7 31. a4 Rd7+ 32. Ke1 Bxg4 33.
Bxg4 Kxg4 34. Ke2 Kf4 35. a5 e6 36. Rc4 f6 37. b4 Rh7 38. Kd3 Kf3 39. Kc2 f5
40. exf5 exf5 41. Rc5 Re7 42. Kd2 Kf2 43. c4 f4 44. b5 axb5 45. cxb5 e4 46. a6
e3+ 47. Kd3 bxa6 48. bxa6 e2 49. Rc2 Kf1 0-1

[Event "MCR senioru 2018 nad 60 let"]
[Site "Pelclovo divadlo Rychnov nad K"]
[Date "2018.07.31"]
[Round "4"]
[White "Novotny, Josef"]
[Black "Vlachopulos, Georgis"]
[Result "0-1"]
[WhiteElo "2036"]
[BlackElo "1856"]
[PlyCount "104"]
[EventDate "2018.07.28"]

1. e3 e5 2. d3 d5 3. Nf3 Nc6 4. Nc3 Nf6 5. g3 Bb4 6. a3 Bxc3+ 7. bxc3 e4 8. Ng1
Bg4 9. Be2 Bxe2 10. Qxe2 Ne5 11. f4 exf3 12. Nxf3 Nxf3+ 13. Qxf3 O-O 14. O-O
Qd7 15. Rb1 b6 16. Rb4 Rae8 17. g4 Re7 18. g5 Ne8 19. Rh4 f5 20. Rd4 Re5 21. c4
c6 22. cxd5 Rxd5 23. Rf4 g6 24. Qg2 Ng7 25. Bb2 Ne6 26. R4f2 Rb5 27. Bf6 Ra5
28. e4 fxe4 29. Qh3 exd3 30. cxd3 Rd5 31. Re1 Ng7 32. Qh4 Nf5 33. Qc4 b5 34.
Qa2 h6 35. Re4 h5 36. h3 a5 37. Re5 Re8 38. Rfe2 Rexe5 39. Rxe5 Kf8 40. Rxd5
Qxd5 41. Qxd5 cxd5 42. Bc3 a4 43. Kf2 Ke7 44. Kf3 Ke6 45. Kf4 d4 46. Bd2 Kd5
47. Bc1 Ng7 48. Bd2 Ne6+ 49. Kf3 Ke5 50. h4 Kf5 51. Bb4 Nf4 52. Bc5 Ke5 0-1

[Event "MCR senioru 2018 nad 60 let"]
[Site "Pelclovo divadlo Rychnov nad K"]
[Date "2018.07.31"]
[Round "4"]
[White "Tsapanidis, Vasilis"]
[Black "Hastik, Svatopluk"]
[Result "0-1"]
[WhiteElo "1836"]
[BlackElo "2000"]
[PlyCount "52"]
[EventDate "2018.07.28"]

1. Nf3 Nf6 2. c4 g6 3. d4 Bg7 4. Nc3 O-O 5. e4 d6 6. h3 c5 7. Be3 cxd4 8. Nxd4
Nc6 9. Be2 Bd7 10. O-O a6 11. Qd2 Re8 12. Rad1 Nxd4 13. Bxd4 Bc6 14. e5 dxe5
15. Bxe5 Qxd2 16. Rxd2 Ne4 17. Nxe4 Bxe5 18. Bf3 Rac8 19. Rc2 Bf4 20. g3 Bh6
21. Kg2 Red8 22. Nc3 Bxf3+ 23. Kxf3 Rxc4 24. Re2 Rd3+ 25. Kg2 e6 26. Rd1 Rcxc3
0-1

[Event "MCR senioru 2018 nad 60 let"]
[Site "Pelclovo divadlo Rychnov nad K"]
[Date "2018.07.31"]
[Round "4"]
[White "Salac, Jiri"]
[Black "Becvar, Miroslav"]
[Result "1/2-1/2"]
[WhiteElo "1977"]
[BlackElo "1853"]
[PlyCount "74"]
[EventDate "2018.07.28"]

1. d4 d5 2. Bf4 Nf6 3. e3 e6 4. Nd2 Bd6 5. Bg3 b6 6. c3 O-O 7. Ngf3 c5 8. Bd3
Ba6 9. Bxa6 Nxa6 10. Qe2 Nc7 11. e4 dxe4 12. Nxe4 Nxe4 13. Qxe4 Nd5 14. Bxd6
Qxd6 15. O-O c4 16. Rfe1 h6 17. Ne5 b5 18. a4 a6 19. Qf3 Qc7 20. axb5 axb5 21.
Ng4 Qf4 22. Qe2 Qc7 23. g3 Ra7 24. Ne3 Nxe3 25. Qxe3 Rfa8 26. Rad1 Rd8 27. f4
Qb7 28. Qf2 Rd5 29. g4 Ra6 30. h4 g6 31. Re5 Qa8 32. Rde1 Rxe5 33. dxe5 Ra1 34.
Rxa1 Qxa1+ 35. Kg2 Qd1 36. Qf3 Qd2+ 37. Qf2 Qd1 1/2-1/2

[Event "MCR senioru 2018 nad 60 let"]
[Site "Pelclovo divadlo Rychnov nad Kneznou, Panska ulice"]
[Date "2018.07.31"]
[Round "4"]
[White "Koci, Ladislav"]
[Black "Zboril, Jaroslav"]
[Result "1/2-1/2"]
[WhiteElo "1832"]
[BlackElo "1924"]
[EventDate "2018.07.28"]
[PlyCount "69"]

1. d4 d6 2. Nf3 Bg4 3. c4 Bxf3 4. exf3 Nd7 5. Bd3 g6 6. O-O Bg7 7. Bc2 Ngf6 8.
b3 O-O 9. Bb2 c6 10. Nd2 Re8 11. Ne4 d5 12. Nxf6+ Bxf6 13. Re1 Nf8 14. Qd2 Ne6
15. Rad1 a5 16. g3 b5 17. cxb5 cxb5 18. f4 Qd7 19. Qe2 Qa7 20. Qxb5 Nxd4 21.
Bxd4 Bxd4 22. Re2 e6 23. Qa4 Bc3 24. Rxd5 exd5 25. Rxe8+ Rxe8 26. Qxe8+ Kg7 27.
Qe2 Qd4 28. Qd3 Qxd3 29. Bxd3 Kf6 30. Kf1 Ke6 31. Ke2 Bd4 32. a3 Bc5 33. a4 Kd6
34. f3 Bd4 35. h3 1/2-1/2

[Event "MCR senioru 2018 nad 60 let"]
[Site "Pelclovo divadlo Rychnov nad Kneznou, Panska ulice"]
[Date "2018.07.31"]
[Round "4"]
[White "Kohout, Jan"]
[Black "Pittermann, Jan"]
[Result "1/2-1/2"]
[WhiteElo "1914"]
[BlackElo "1801"]
[EventDate "2018.07.28"]
[PlyCount "24"]

1. e4 c5 2. Nf3 Nc6 3. Bb5 g6 4. Bxc6 bxc6 5. O-O Bg7 6. Re1 e6 7. c4 Ne7 8.
Nc3 d6 9. d3 O-O 10. Be3 e5 11. h3 f5 12. Bg5 f4 1/2-1/2

[Event "MCR senioru 2018 nad 60 let"]
[Site "Pelclovo divadlo Rychnov nad Kneznou, Panska ulice"]
[Date "2018.07.31"]
[Round "4"]
[White "Divis, Libor"]
[Black "Marek, Jiri"]
[Result "0-1"]
[WhiteElo "1843"]
[BlackElo "1907"]
[EventDate "2018.07.28"]
[PlyCount "102"]

1. e4 c6 2. d4 d5 3. e5 Bf5 4. Bd3 Bxd3 5. Qxd3 e6 6. Ne2 h5 7. O-O Nh6 8. f4
g6 9. Nd2 Be7 10. Nf3 Nf5 11. Ng3 Nd7 12. Bd2 Qb6 13. Nxf5 gxf5 14. h4 c5 15.
c3 Rc8 16. b3 Qc6 17. Rac1 c4 18. Qe2 a5 19. Rb1 Qa6 20. Kf2 b5 21. bxc4 Rxc4
22. Rb3 a4 23. Rbb1 Nb6 24. Rfc1 Na8 25. g3 Kf8 26. Ne1 Kg7 27. Nc2 Kg6 28. Ne3
Rhc8 29. Nxc4 Rxc4 30. Rc2 Nc7 31. Qd3 Qc6 32. Rcc1 Kh6 33. Re1 Qb6 34. Be3 Qa5
35. Rec1 Ba3 36. Rc2 Na6 37. Bc1 Be7 38. a3 Qb6 39. Bb2 Qc6 40. Rg1 b4 41. Ra1
b3 42. Re2 Nc7 43. g4 hxg4 44. Rg1 Nb5 45. Rxg4 fxg4 46. f5 Bxh4+ 47. Kg1 exf5
48. Qxf5 Qg6 49. Qd7 Nxc3 50. Bc1+ Kg7 51. Rg2 Rxd4 0-1

[Event "MCR senioru 2018 nad 60 let"]
[Site "Pelclovo divadlo Rychnov nad Kneznou, Panska ulice"]
[Date "2018.07.31"]
[Round "4"]
[White "Mares, Petr"]
[Black "Marinov, Peter"]
[Result "0-1"]
[WhiteElo "1904"]
[BlackElo "1716"]
[EventDate "2018.07.28"]
[PlyCount "114"]

1. Nf3 d5 2. g3 e6 3. Bg2 c6 4. d3 Bd6 5. Nbd2 Ne7 6. e4 Ng6 7. O-O O-O 8. Qe2
Nd7 9. h4 Nge5 10. Nh2 f5 11. f4 Nf7 12. e5 Be7 13. h5 Bc5+ 14. Kh1 Nh6 15.
Ndf3 Be7 16. Be3 b6 17. Nd4 Nb8 18. c4 c5 19. Nc2 Nc6 20. Bf3 Bb7 21. cxd5 exd5
22. d4 a5 23. Qg2 Nb4 24. Nxb4 axb4 25. dxc5 bxc5 26. Rfd1 Qc7 27. Bxd5+ Bxd5
28. Qxd5+ Kh8 29. Qd7 Ra7 30. Qxc7 Rxc7 31. b3 Nf7 32. Rac1 Rd8 33. Rxd8+ Nxd8
34. Nf3 Ne6 35. Kg2 Kg8 36. Kf2 Kf7 37. Ke2 Rd7 38. Rc2 h6 39. Rd2 Ke8 40. Rxd7
Kxd7 41. Kd3 Kc6 42. Nd2 Nc7 43. Nc4 Nd5 44. Bd2 Kb5 45. Bc1 Kc6 46. Bb2 Bf8
47. Nd6 Bxd6 48. exd6 Nf6 49. Be5 Nxh5 50. Kc4 Nxg3 51. d7 Kxd7 52. Kxc5 h5 53.
Bd4 h4 54. Bg1 h3 55. Kxb4 Nf1 56. Kc4 Nd2+ 57. Kd4 Nf3+ 0-1

[Event "MCR senioru 2018 nad 60 let"]
[Site "Pelclovo divadlo Rychnov nad Kneznou, Panska ulice"]
[Date "2018.07.31"]
[Round "4"]
[White "Istel, Oldrich"]
[Black "Sedlak, Ludek"]
[Result "0-1"]
[WhiteElo "1699"]
[BlackElo "1898"]
[EventDate "2018.07.28"]
[PlyCount "78"]

1. Nf3 Nf6 2. g3 Nc6 3. d4 d5 4. Bg2 Bf5 5. a3 Qd7 6. Bf4 Nh5 7. e3 Nxf4 8.
exf4 Qe6+ 9. Qe2 Qxe2+ 10. Kxe2 Bxc2 11. Nc3 e6 12. Ne5 Nxd4+ 13. Kf1 f6 14.
Ng4 Bd3+ 15. Ke1 Nc2+ 16. Kd2 Nxa1 17. Kxd3 Nb3 18. Kc2 Na5 19. Re1 Kd7 20. Rd1
c6 21. b4 Nc4 22. Kb3 Rd8 23. Bf1 Kc7 24. Bxc4 dxc4+ 25. Kxc4 Rxd1 26. Nxd1 Be7
27. Nge3 Rd8 28. Kc3 a5 29. Nb2 axb4+ 30. axb4 f5 31. Nd3 Bf6+ 32. Kc2 b6 33.
Ne5 Bxe5 34. fxe5 g5 35. Nc4 g4 36. Nd6 Rxd6 37. exd6+ Kxd6 38. Kc3 Kd5 39. Kd3
e5 0-1

[Event "MCR senioru 2018 nad 60 let"]
[Site "Pelclovo divadlo Rychnov nad K"]
[Date "2018.08.01"]
[Round "5"]
[White "Shilov, Sergej"]
[Black "Gibiec, Ernest"]
[Result "1/2-1/2"]
[WhiteElo "2199"]
[BlackElo "2175"]
[PlyCount "68"]
[EventDate "2018.07.28"]

1. b3 e5 2. Bb2 Nc6 3. e3 Nf6 4. Bb5 Qe7 5. Nf3 e4 6. Nd4 Nxd4 7. Bxd4 b6 8. f4
Bb7 9. O-O a6 10. Be2 d5 11. c4 O-O-O 12. Nc3 dxc4 13. bxc4 Qd7 14. Rb1 Qc6 15.
Na4 Nd7 16. Bg4 h5 17. Bh3 Kb8 18. Bxd7 Rxd7 19. Qb3 Rh6 20. Rb2 Rhd6 21. c5
Rxd4 22. exd4 b5 23. Qc3 g6 24. Kh1 Rd5 25. Qe3 Bg7 26. Nc3 Rxd4 27. f5 Rd3 28.
Qe2 h4 29. a4 Bxc3 30. dxc3 Qxc5 31. axb5 axb5 32. fxg6 fxg6 33. h3 Bd5 34. Rb4
Bc4 1/2-1/2

[Event "MCR senioru 2018 nad 60 let"]
[Site "Pelclovo divadlo Rychnov nad K"]
[Date "2018.08.01"]
[Round "5"]
[White "Novotny, Jaroslav"]
[Black "Vagner, Ladislav"]
[Result "1-0"]
[WhiteElo "1936"]
[BlackElo "1928"]
[PlyCount "89"]
[EventDate "2018.07.28"]

1. e4 d6 2. d4 Nf6 3. Nc3 c6 4. f4 Qa5 5. Bd3 Nbd7 6. Nf3 e5 7. Be3 Be7 8. O-O
Ng4 9. Bd2 Qb6 10. Na4 Qc7 11. h3 Ngf6 12. c4 O-O 13. fxe5 dxe5 14. d5 Nh5 15.
Kh2 f5 16. Ng5 Bxg5 17. Bxg5 Ndf6 18. Nc3 b5 19. Be2 b4 20. Na4 Nxe4 21. d6 Qa5
22. Be7 Nhg3 23. Re1 Re8 24. Bh4 Nxe2 25. Rxe2 Bd7 26. Be7 Be6 27. Rc1 Nf6 28.
b3 e4 29. Qd4 Nd7 30. Rf1 c5 31. Qe3 Rac8 32. g4 g6 33. Rg2 Ne5 34. gxf5 Nf3+
35. Rxf3 Rxe7 36. Qxe4 Rce8 37. fxe6 Rxe6 38. Qd5 Kg7 39. Rgf2 Qd8 40. Rf7+ Kh6
41. Qd2+ g5 42. Qd3 Rg6 43. d7 Qc7+ 44. Qg3 Qxg3+ 45. Kxg3 1-0

[Event "MCR senioru 2018 nad 60 let"]
[Site "Pelclovo divadlo Rychnov nad K"]
[Date "2018.08.01"]
[Round "5"]
[White "Pospisil, Evzen"]
[Black "Pavlis, Jaromir"]
[Result "1/2-1/2"]
[WhiteElo "2043"]
[BlackElo "1927"]
[PlyCount "40"]
[EventDate "2018.07.28"]

1. d4 d5 2. Nf3 Bf5 3. c4 c6 4. Nc3 e6 5. Qb3 Qb6 6. c5 Qxb3 7. axb3 Na6 8. Ra4
Bc2 9. Nd2 Nf6 10. e3 Nc7 11. Ra3 Be7 12. b4 a6 13. Nb3 Bxb3 14. Rxb3 O-O 15.
Bd3 Nb5 16. Bd2 Nd7 17. O-O f5 18. Ra1 Nc7 19. Rba3 Rac8 20. f4 Kh8 1/2-1/2

[Event "MCR senioru 2018 nad 60 let"]
[Site "Pelclovo divadlo Rychnov nad K"]
[Date "2018.08.01"]
[Round "5"]
[White "Drabek, Miloslav"]
[Black "Marek, Jiri"]
[Result "0-1"]
[WhiteElo "2027"]
[BlackElo "1907"]
[PlyCount "118"]
[EventDate "2018.07.28"]

1. d4 d5 2. Nf3 Nf6 3. c4 e6 4. g3 c6 5. Nbd2 Be7 6. Qc2 O-O 7. Bg2 Nbd7 8. O-O
Re8 9. e4 dxe4 10. Nxe4 Nxe4 11. Qxe4 Bf6 12. Bf4 Nf8 13. Rad1 Ng6 14. Be3 Qc7
15. h4 Bd7 16. Bg5 Bxg5 17. Nxg5 e5 18. dxe5 Rxe5 19. Qd4 Re7 20. Rfe1 Be8 21.
f4 Rxe1+ 22. Rxe1 h6 23. Nf3 f6 24. Bh3 Bf7 25. Be6 Bxe6 26. Rxe6 Nf8 27. Re1
Qd8 28. Rd1 Qxd4+ 29. Rxd4 c5 30. Rd5 b6 31. f5 Re8 32. Kf2 Kf7 33. Nd2 Re7 34.
Nf3 Nd7 35. b3 Ke8 36. g4 Nb8 37. g5 Re4 38. Kg3 h5 39. gxf6 gxf6 40. Rd1 Rg4+
41. Kf2 Rf4 42. Rd5 Re4 43. Rd1 Rf4 44. Rd5 Nd7 45. Ke3 Rg4 46. Rd6 Rg2 47. Rd2
Rg4 48. Rd6 Rg3 49. Kf2 Rg7 50. Rc6 Kd8 51. Rd6 Re7 52. Kg3 Kc7 53. Rd5 Re2 54.
Rd2 Re4 55. Rd5 a6 56. Kf2 Kc6 57. Rd1 Ne5 58. Kg3 Rg4+ 59. Kf2 Rf4 0-1